000 00833nam a2200217Ia 4500
003 GCL
008 140319s9999 xx 000 0 ara d
040 _aGCL /
_cGCL
082 0 4 _a189.5
_bم ع
100 1 _aابى عبدالرحمن السلمى
245 1 0 _aعيوب النفس ودواؤها :
_bلابى عبدالرحمن السلمى (325 - 412هـ): مع مقدمة عن الدراسات النفسية عند الصوفية /
_cابى عبدالرحمن السلمى
700 1 _aمحمد السيد الجليند
250 _aالاولى
260 _aالقاهرة :
_bمطبعة التقدم ،
_c1993
300 _a111 ص ؛
_c19سم
490 _aنوادر المخطوطات
_v0
650 0 4 _aالتصوف الاسلامى
650 0 4 _aالتصوف
650 0 4 _aعلم النفس
942 _2ddc
_cBK
999 _c50155
_d50155